Statistics for Largest Countries in the World by Population (1-15)

Click here to take the quiz!

General Stats

  • This quiz has been taken 91 times
  • The average score is 13 of 15

Answer Stats

HintAnswer% Correct
1.3BChina
100%
1.2BIndia
100%
320MUnited States
100%
121MMexico
96%
146MRussia
96%
204MBrazil
94%
255MIndonesia
94%
127MJapan
93%
189MPakistan
89%
88MEgypt
85%
91MVietnam
84%
183MNigeria
82%
157MBangladesh
76%
101MThe Philippines
72%
90MEthiopia
71%

Score Distribution

Percentile by Number Answered

Percent of People with Each Score

Your Score History

You have not taken this quiz